Psicología social / (Record no. 118612)

MARC details
000 -LEADER
fixed length control field 00678cam a2200229 4500
008 - FIXED-LENGTH DATA ELEMENTS--GENERAL INFORMATION
fixed length control field r19691965ag spaa
245 00 - TITLE STATEMENT
Title Psicología social /
Statement of responsibility, etc Germaine de Montmollin...[ et al.].
250 ## - EDITION STATEMENT
Edition statement 2a. ed.
260 ## - PUBLICATION, DISTRIBUTION, ETC. (IMPRINT)
Place of publication, distribution, etc Buenos Aires :
Name of publisher, distributor, etc Paidos,
Date of publication, distribution, etc 1969
300 ## - PHYSICAL DESCRIPTION
Extent 343 p. ;
Dimensions 23 cm.
440 #0 - SERIES STATEMENT/ADDED ENTRY--TITLE
Title Tratados de psicología experimental / Paul Fraisse y Jean P-
440 #0 - SERIES STATEMENT/ADDED ENTRY--TITLE
Title iaget ;
Volume number/sequential designation no, 9
504 ## - BIBLIOGRAPHY, ETC. NOTE
Bibliography, etc Incluye bibliografías.
650 #4 - SUBJECT ADDED ENTRY--TOPICAL TERM
Topical term or geographic name as entry element Psicología social
650 #4 - SUBJECT ADDED ENTRY--TOPICAL TERM
Topical term or geographic name as entry element Autoridad.
650 #4 - SUBJECT ADDED ENTRY--TOPICAL TERM
Topical term or geographic name as entry element Grupos sociales
700 1# - ADDED ENTRY--PERSONAL NAME
Personal name Montmollin, Germaine de
942 ## - ADDED ENTRY ELEMENTS (KOHA)
Source of classification or shelving scheme Biblioteca del Cogreso de los Estados Unidos
Koha item type Libro
Holdings
Estado de pérdida Fuente de clasificación Estado del daño No para préstamo Ubicación permanente Ubicación actual Apartado o colección Fecha de adquisición Edición Área del conocimiento Clasificación Código de Barras Date last seen Número de copia Costo por reposición Tipo de recurso
  Biblioteca del Cogreso de los Estados Unidos     Biblioteca de la Unidad de Ciencias Ingeniería y Humanidades Biblioteca de la Unidad de Ciencias Ingeniería y Humanidades General 06/11/2019 2a. ed. Ciencias Sociales y Administrativas HM251 P74 1969 BCU000008859 06/11/2019 C:1 1.00 Libro